مديونية الدولة ومعالجة الاسلام لها : دراسة مقارنة /
Saved in:
| 主要作者: | |
|---|---|
| 其他作者: | |
| 格式: | Thesis |
| 语言: | Arabic |
| 主题: | |
| 标签: |
添加标签
没有标签, 成为第一个标记此记录!
|
| LEADER | 020100000a22004090004500 | ||
|---|---|---|---|
| 001 | 135457 | ||
| 005 | 20081014165000.0 | ||
| 008 | 960913s1996 jo g 000 0 ara | ||
| 035 | |a 474558 | ||
| 035 | |a (Sirsi) 135457 | ||
| 040 | |a UIAM |b eng |e rda | ||
| 041 | 0 | |a ara | |
| 050 | |a HJ8025.A7 | ||
| 084 | |a BPH686 | ||
| 100 | 1 | |a محمد فريد شيخ أحمد | |
| 242 | 1 | 0 | |a Madyuniyat al-dawlah wa-mu'alajat al-Islam laha : |b dirasah muqaranah |
| 245 | 1 | 0 | |a مديونية الدولة ومعالجة الاسلام لها : دراسة مقارنة / |c محمد فريد بن شيخ حاج أحمد ؛ اشراف محمد حسن أبو يحيى |
| 264 | 1 | |a 'Amman : |b Jami'ah al-Urduniyah, Kulliyat al-Dirasat al-'Ulya, |c 1996 | |
| 300 | |a 375 pages ; |c 29 cm. | ||
| 336 | |2 rdacontent |a text | ||
| 337 | |2 rdamedia |a unmediated | ||
| 338 | |2 rdacarrier |a volume | ||
| 500 | |a Includes bibliographical references (pages 332-346) and indexes. | ||
| 502 | |a Thesis (Ph.D.)--al-Jami'ah al-Urduniyah, Kulliyat al-Dirasat al-'Ulya, 1996. | ||
| 596 | |a 1 11 | ||
| 650 | 0 | |a Debts, External |x Religious aspects Islam | |
| 650 | 0 | |a Loans (Islamic law) | |
| 650 | 0 | |a Interest (Islamic law) | |
| 650 | 0 | |a Debts, External |z Malaysia | |
| 655 | 0 | 7 | |a Theses, non-IIUM |
| 700 | 1 | 0 | |a Muhammad Farid Sheikh Ahmad |
| 900 | |a checked a r r 280697-arf-ros-sar-mni-naw | ||
| 999 | |c 409327 |d 441422 | ||
| 952 | |0 0 |6 SMM T BPH 686 M84 1996 |7 0 |9 645834 |a PAGOH |b PAGOH |g 0.00 |o smm t BPH 686 M84 1996 |p 11100396940 |r 2020-11-16 |t 1 |v 0.00 |y BOOKREF | ||
| 952 | |0 0 |6 LU T HJ8025 A7 M952M 1996 |7 0 |8 THESES |9 796265 |a IIUM |b IIUM |c MULTIMEDIA |g 0.00 |o lu t HJ8025 A7 M952M 1996 |p 00000474561 |r 2017-10-25 |t 1 |v 0.00 |y THESIS | ||
| 952 | |0 0 |6 IE HJ 008025 A7M952M 1996 |7 0 |8 ISLAMECO |9 796266 |a IIUM |b IIUM |c SPECIALSH |g 0.00 |o ie HJ8025A7M952M 1996 |p 00000474559 |r 2018-02-22 |t 1 |v 0.00 |y BOKSPECL2H | ||
| 952 | |0 0 |6 T HJ8025 A7 M952M 1996 |7 0 |8 THESES |9 796267 |a IIUM |b IIUM |c MULTIMEDIA |g 0.00 |o t HJ8025 A7 M952M 1996 |p 00000474560 |r 2017-10-19 |t 1 |v 0.00 |y THESIS | ||
